000 00572nam a2200181 i 4500
001 51617
003 ES-MaACL
005 20230906162409.0
007 t|
008 030814s1974 sp ||||1| spa d
100 1 _aDamaye, R.
_942560
245 1 0 _aOptoelectrónica
_b: fundamentos teóricos y aplicaciones prácticas /
_cR. Damaye ; [traducido por Daniel Santano y León].
260 _aMadrid :
_bParaninfo,
_c1974.
300 _a243 p. :
_bil. ;
_c22 cm.
700 1 _aSantano y León, Daniel.
_9181683
852 _aES-MaACL
_jC-56733
_bR.89547
999 _c51617
_d51617